Todos os Vencedores de Melhor Jogador do Mundo pela FIFA - Statistics

Estatísticas Gerais
  • Esse quiz foi jogado 539 vezes
  • A pontuação média é 25 de 30
Estatísticas das Respostas
Ano Jogador Time % Correto
2017 Cristiano Ronaldo Real Madrid
100%
2016 Cristiano Ronaldo Real Madrid
100%
2014 Cristiano Ronaldo Real Madrid
100%
2013 Cristiano Ronaldo Real Madrid
100%
2008 Cristiano Ronaldo Manchester United
100%
2019 Lionel Messi Barcelona
100%
2015 Lionel Messi Barcelona
100%
2012 Lionel Messi Barcelona
100%
2011 Lionel Messi Barcelona
100%
2010 Lionel Messi Barcelona
100%
2009 Lionel Messi Barcelona
100%
2002 Ronaldo Internazionale / Real Madrid
98%
1997 Ronaldo Barcelona / Internazionale
98%
1996 Ronaldo PSV / Barcelona
98%
2007 Kaká Milan
94%
2018 Luka Modric Real Madrid
94%
2020 Robert Lewandowski Bayern Munchen
87%
2003 Zinedine Zidane Real Madrid
81%
2000 Zinedine Zidane Juventus
81%
1998 Zinedine Zidane Juventus
81%
2005 Ronaldinho Gaúcho Barcelona
77%
2004 Ronaldinho Gaúcho Barcelona
77%
1999 Rivaldo Barcelona
68%
1994 Romário Barcelona
68%
2006 Fabio Cannavaro Juventus / Real Madrid
65%
2001 Luís Figo Real Madrid
65%
1995 George Weah PSG / Milan
44%
1993 Roberto Baggio Juventus
39%
1992 Marco Van Basten Milan
35%
1991 Lothar Matthaus Internazionale
21%
Nenhum quiz correspondente encontrado
Distribuição das Pontuações
Porcentagem de Pessoas com Cada Pontuação
Percentil de Números Respondidos
Sua Pontuação Histórica
Você não jogou esse quiz